|
|
|
|
| LEADER |
01157nam a2200277 u 4500 |
| 001 |
10017241 |
| 003 |
upatras |
| 005 |
20240413063259.0 |
| 008 |
881025s1996 fr fre |
| 020 |
|
|
|a 2708008064
|
| 040 |
|
|
|a GR-PaULI
|c GR-PaULI
|
| 041 |
0 |
|
|a fre
|
| 082 |
0 |
4 |
|a 410
|
| 100 |
1 |
|
|a Deveroudi, Rhea
|9 139198
|
| 245 |
1 |
0 |
|a Linguistique contrastive et traduction
|b la notion de "sujet" et sa realisation dans l'enonce en grec moderne et en francais
|c Rhea Deveroudi
|
| 260 |
|
|
|a Paris
|b Ophrys
|c 1996
|
| 300 |
|
|
|a 297 p.
|c 24 cm
|
| 500 |
|
|
|a No special
|
| 505 |
1 |
|
|a Bibliographie et index
|
| 650 |
|
0 |
|a Γλωσσολογία
|9 517
|
| 852 |
|
|
|a GR-PaULI
|b ΠΑΤΡΑ
|b ΒΚΠ
|b ΒΣ1
|k ΑΣΧΞ
|h 410 D
|m 37534
|p 025000070952
|t 1
|
| 852 |
|
|
|a GR-PaULI
|b ΠΑΤΡΑ
|b ΦΙΛΟΛΟΓΙΑ
|k ΑΣΧΞ
|h 410 D
|m 37539
|t 2
|
| 942 |
|
|
|2 ddc
|c BK15
|
| 952 |
|
|
|0 0
|1 0
|4 0
|6 410_000000000000000_D
|7 0
|9 167847
|a LISP
|b LISP
|c BSC
|d 2016-04-24
|i 37534
|l 0
|o 410 D
|p 025000070952
|r 2016-04-24 00:00:00
|t 1
|w 2016-04-24
|y BK15
|
| 952 |
|
|
|0 0
|1 0
|4 0
|6 410_000000000000000_D
|7 0
|9 167848
|a LTRT
|b LTRT
|d 2016-04-24
|i 37539
|l 0
|o 410 D
|r 2016-04-24 00:00:00
|t 2
|w 2016-04-24
|y BK15
|
| 999 |
|
|
|c 104961
|d 104961
|